Factors associated with Human Anthrax outbreak in the Chikupo and Ngandu villages of Murewa district in Mashonaland East Province, Zimbabwe (Record no. 31435)

MARC details
000 -LEADER
fixed length control field 00910nam a2200193 a 4500
008 - FIXED-LENGTH DATA ELEMENTS--GENERAL INFORMATION
fixed length control field 121019s1996 ||||||||||||||||| || u
050 ## - LIBRARY OF CONGRESS CALL NUMBER
Classification number PAPERS/STAFF
100 ## - MAIN ENTRY--PERSONAL NAME
Personal name Siziya, Seter
245 10 - TITLE STATEMENT
Title Factors associated with Human Anthrax outbreak in the Chikupo and Ngandu villages of Murewa district in Mashonaland East Province, Zimbabwe
Statement of responsibility, etc. by Seter Siziya, K. S. Mwenye and D. Peterson
260 ## - PUBLICATION, DISTRIBUTION, ETC.
Place of publication, distribution, etc. Lusaka:
Name of publisher, distributor, etc. University of Zambia, School of Medicine
Date of publication, distribution, etc. 1996
300 ## - PHYSICAL DESCRIPTION
Extent p. 312 - p. 315: ill.
490 ## -
-- Central African Journal of Medicine
490 ## -
-- Vol. 42, No. 11
500 ## - GENERAL NOTE
General note Bibliography
650 ## - SUBJECT ADDED ENTRY--TOPICAL TERM
Topical term or geographic name entry element DISEASES--OUTBREAKS--ZIMBABWE
650 ## - SUBJECT ADDED ENTRY--TOPICAL TERM
Topical term or geographic name entry element ANTHRAX--HUMAN--CHIKUPO VILLAGE, ZIMBABWE
650 ## - SUBJECT ADDED ENTRY--TOPICAL TERM
Topical term or geographic name entry element ANTHRAX--HUMAN--NGANDU VILLAGE--ZIMBABWE
995 ## -
-- SPECIAL COLLECTIONS
-- 333
-- CBU-SCHOOL OF MEDICINE LIBRARY (Ndola)
-- PAPERS/STAFF/SIZIYA
-- 1
-- AVAILABLE
-- Dec 6, 2012
-- B333
-- Zambiana Collection
999 ## -
-- 31435
-- 31435
Holdings
Withdrawn status Lost status Source of classification or shelving scheme Damaged status Not for loan Permanent Location Current Location Shelving location Date acquired Total Checkouts Full call number Barcode Date last seen Price effective from Koha item type
          CBU-SCHOOL OF MEDICINE LIBRARY, NDOLA. CBU-SCHOOL OF MEDICINE LIBRARY, NDOLA.   11/30/2022   PAPERS/STAFF B333 11/30/2022 11/30/2022 MONOGRAPH